La educación y el aprendizaje como fenómeno social

Сохранить в:
Библиографические подробности
Главный автор: Navarro Abarzúa, Iván (autor)
Формат:
Язык:испанский
Опубликовано: Santiago Instituto Profesional de Estudios Superiores Blas Cañas 1990
Предметы:
Метки: Добавить метку
Нет меток, Требуется 1-ая метка записи!

MARC

LEADER 00000nam a2200000 a 4500
001 UCT9925
003 CL-VaPUC
008 970412e19900000CL |||||||||||||||||spa|d
082 0 4 |a 371.3  |b NAV  |2 21 
100 |a Navarro Abarzúa, Iván  |e autor  |9 530668 
245 1 3 |a La educación y el aprendizaje como fenómeno social 
300 |a 85 p 
942 |c BK 
945 |d 19970412 00:00:00  |a rleighto 
260 |a Santiago  |b Instituto Profesional de Estudios Superiores Blas Cañas  |c 1990 
650 0 |a Educación  |9 258661 
650 0 |a Aprendizaje   |9 254827 
650 0 |a Métodos de enseñanza  |9 270413 
583 |a last modification  |c 19970412 00:00:00  |k Rodrigo Vera 
999 |c 258263  |d 258261 
952 |0 0  |1 0  |4 0  |6 371_300000000000000_NAV_1990  |7 0  |8 P  |9 282219  |a BIBEDU  |b BIBEDU  |c BIBEDU_PB  |d 2019-11-19  |i 3293912  |o 371.3 NAV 1990  |p 3293912  |r 2024-01-25  |w 2019-11-19  |y BK  |k EDU